Statistics for Three Stanley Cups on Three Different NHL Teams

Click here to take the quiz!

General Stats

  • This quiz has been taken 138 times
  • The average score is 3 of 11

Answer Stats

TeamsYearsPlayer% Correct
Montreal Canadiens, New Jersey Devils, Colorado Avalanche1986,1995,1996Claude Lemieux
82%
Pittsburgh Penguins,Carolina Hurricanes,Boston Bruins1991,2006,2011Mark Recchi
72%
Calgary Flames,Dallas Stars,New Jersey Devils1989,1999,2003Joe Nieuwendyk
67%
Montreal Canadiens, Colorado Avalanche, Dallas Stars1993,1996,1999Mike Keane
48%
Detroit Red Wings,Chicago Black Hawks, Toronto Maple Leafs1954,1961,1962Al Arbour
14%
Winnipeg Victorias,Montreal HC,Montreal Wanderers1901,1902,1907Jack Marshall
12%
Detroit Red Wings,Toronto Maple Leafs,Montreal Canadiens1955,1962,1969Larry Hillman
10%
Toronto Blueshirts,Seattle Metropolitans,Victoria Cougars1914,1917,1925Frank Foyston
9%
Toronto Blueshirts,Seattle Metropolitans,Victoria Cougars1914,1917,1925Jack Walker
9%
New York Rangers,Detroit Red Wings, Boston Bruins1933,1936,1939Gord Pettinger
8%
Toronto Blueshirts,Seattle Metropolitans,Toronto Arenas1914,1917,1918Hap Holmes
8%

Score Distribution

Percentile by Number Answered

Percent of People with Each Score

Your Score History

You have not taken this quiz